00470 2200169 4500245009200000020002200092250001200114100001800126700002000144650001600164005001900180260004200199041001400241084000800255300002800263336000900291 aPercy Jackson and The Olympians b : The Sea of Monsters Volume 2cRiordan, RickhText a978-602-385-195-9 aCet. 15 aRiordan, Rick aNuraini Mastura aNovel Fiksi a20230220144804 aJakartabPenerbit Mizan Fantasic2016 aIndonesia a813 aviii, 363 hlm. :cilus. atext